| 000 | 01716cam a22002054a 4500 | ||
|---|---|---|---|
| 005 | 20250605163959.0 | ||
| 008 | 250528s ||||||||||||||||||||||||d | ||
| 035 | _a15579 | ||
| 020 | _a9608510309 | ||
| 040 |
_aGR-AtMCL _bgre _dGR-AtMCL _eAACR2 |
||
| 245 | 1 | _aCase / Η Εξέλιξη της Τεχνολογίας Λογισμικού | |
| 260 |
_bΕ.Π.Υ, _c1990 |
||
| 300 | _a272 | ||
| 520 | _aΌ,τι χρειάζεται ένας σύγχρονος Manager ή ένας Μηχανικός Πληροφορικής για τη σύγχρονη κατασκευή Πληροφοριακών Συστημάτων. Πρόλογος, Σύντομη Ιστορική Αναδρομή της Τεχνολογίας Λογισμικού μέχρι και την Εμφάνιση Εργαλείων CASE, Αρχές και Τεχνικές και Μέθοδοι της Τεχνολογίας Λογισμικού, Δομημένη Ανάλυση και Σχεδίαση Συστημάτων, Μέθοδοι Μοντελοποίησης Δεδομένων/ Information Engineering, Εισαγωγή στο CASE, Απαιτήσεις Απχιτεκτονικής Προιόντων CASE, Εργαλεία CASE Δεύρης Γενιάς, CASE και Τεχνητή Νοημοσύνη, Σκέψεις ενός Manager πριν την επιλογή και αξιοποίηση ενός συστήματος CASE, Προιόντα CASE της Ελληνικής Αγοράς, Γλωσσάρι Χρήσιμων Όρων, Βιβλιογραφία. | ||
| 700 | 1 |
_aΣαμουρκασιδης Αποστολος _91536 |
|
| 700 | 1 |
_aΧαλαρης Ιωαννης _91537 |
|
| 942 | _cBK | ||
| 999 |
_c1149 _d1149 |
||